000 00271nam a22001337a 4500
008 170914b xxu||||| |||| 00| 0 eng d
020 _a9781423603467
041 _aeng
080 _a7
100 _a44
101 _aART
245 _aRIBBON
_cKNIEL,N
942 _2udc
_cBK
999 _c27573
_d27573